Contribution of African universities to the attainment of the MDGs (Record no. 16467)
[ view plain ]
| 000 -LEADER | |
|---|---|
| fixed length control field | 00976nam a22002057a 4500 |
| 008 - FIXED-LENGTH DATA ELEMENTS--GENERAL INFORMATION | |
| fixed length control field | 170831b xxu||||| |||| 00| 0 eng d |
| 020 ## - INTERNATIONAL STANDARD BOOK NUMBER | |
| International Standard Book Number | 978998858959X |
| 050 ## - LIBRARY OF CONGRESS CALL NUMBER | |
| Classification number | LC67.68 |
| Item number | .A35C66 |
| 245 ## - TITLE STATEMENT | |
| Title | Contribution of African universities to the attainment of the MDGs |
| Remainder of title | a synthesis of mobilizing regional capacity initiative project reports |
| Statement of responsibility, etc. | compiled and edited by Jonathan C. Mba, Julia Preece, Dixon O. Torimiro |
| 246 ## - VARYING FORM OF TITLE | |
| Title proper/short title | Contribution des universités africaines à la réalisation des OMD |
| Remainder of title | synthèse des rapports du project de l'initiative de mobilisation des capacités régionales |
| 260 ## - PUBLICATION, DISTRIBUTION, ETC. (IMPRINT) | |
| Place of publication, distribution, etc. | Accra |
| Name of publisher, distributor, etc. | Association of African Universities |
| Date of publication, distribution, etc. | c2015 |
| 300 ## - PHYSICAL DESCRIPTION | |
| Extent | xii, 124, 135, xii p. |
| 650 ## - SUBJECT ADDED ENTRY--TOPICAL TERM | |
| Topical term or geographic name as entry element | Millennium Development Goals |
| Geographic subdivision | Africa |
| 650 ## - SUBJECT ADDED ENTRY--TOPICAL TERM | |
| Topical term or geographic name as entry element | Universities and colleges |
| General subdivision | Economic aspects |
| Geographic subdivision | Africa |
| 700 ## - ADDED ENTRY--PERSONAL NAME | |
| Personal name | Mba, Jonathan C. |
| 700 ## - ADDED ENTRY--PERSONAL NAME | |
| Personal name | Preece, Julia |
| 700 ## - ADDED ENTRY--PERSONAL NAME | |
| Personal name | Torimiro, Dixon O. |
| 710 ## - ADDED ENTRY--CORPORATE NAME | |
| Corporate name or jurisdiction name as entry element | Association of African Universities |
| 942 ## - ADDED ENTRY ELEMENTS (KOHA) | |
| Source of classification or shelving scheme | Library of Congress Classification |
| Koha item type | General Collection |
| Withdrawn status | Lost status | Source of classification or shelving scheme | Not for loan | Home library | Current library | Date acquired | Source of acquisition | Total Checkouts | Full call number | Barcode | Date last seen | Copy number | Price effective from | Koha item type |
|---|---|---|---|---|---|---|---|---|---|---|---|---|---|---|
| Library of Congress Classification | Kabarak, Main Campus | Kabarak, Main Campus | 31/08/2017 | Donated by Library of Congress, Nairobi | LC67.68 .A35C66 c.1 | 027404 | 31/08/2017 | c.1 | 31/08/2017 | General Collection | ||||
| Library of Congress Classification | Kabarak, Nakuru City Campus | Kabarak, Nakuru City Campus | 31/08/2017 | KTC LC67.68 .A35C66 c.1 | 027538 | 31/08/2017 | c.1 | 31/08/2017 | General Collection |